Statistiques concernant Pays les plus titrés en football (toutes compétitions confondues)

Cliquez ici pour prendre le quiz!

Statistiques générales

  • Ce quiz a été pris 285 fois
  • Le résultat moyen est 32 sur 52

Statistiques - réponses

PaysCoupe du MondeCoupe ContinentaleCoupe des ConfédérationsLigue des NationsTotal% Correct
Brésil594018
100%
Allemagne43108
98%
Argentine3151019
98%
France22217
98%
Italie42006
96%
Espagne13015
95%
Uruguay2150017
92%
Portugal01012
90%
Angleterre10001
89%
Japon04004
87%
Maroc01001
85%
Algérie02002
84%
Etats-Unis07029
84%
Mexique0121013
83%
Australie0 4/1005
80%
Pays-Bas01001
80%
Égypte07007
78%
Canada02002
75%
Chili02002
75%
Sénégal01001
73%
Colombie01001
71%
Corée du Sud02002
70%
Tunisie01001
68%
Côte d’Ivoire02002
64%
Cameroun05005
63%
Afrique du Sud01001
62%
Grèce01001
61%
Arabie saoudite03003
57%
Nouvelle-Zélande05005
57%
Danemark01102
56%
Pérou02002
56%
RD Congo02002
55%
République du Congo01001
54%
Paraguay02002
53%
Iran03003
52%
Nigeria03003
51%
URSS01001
51%
Ghana04004
49%
Qatar01001
46%
Irak01001
42%
Bolivie01001
41%
Costa Rica03003
37%
Tchécoslovaquie01001
35%
Zambie01001
34%
Honduras01001
30%
Israël01001
29%
Éthiopie01001
21%
Guatemala01001
19%
Soudan01001
17%
Haïti01001
14%
Koweït01001
14%
Tahiti01001
6%

Distribution des résultats

Percentile par nombre de réponses

% des personnes avec chaque résultat

Votre développement - résultats

Vous n’avez pas pris ce quiz